Alemania delatada por América / (Record no. 134313)

MARC details
000 -LEADER
campo de control de longitud fija 00675nam a2200193 i 4500
001 - NÚMERO DE CONTROL
campo de control 134313
003 - IDENTIFICADOR DE NÚMERO DE CONTROL
campo de control ES-MaACL
005 - FECHA Y HORA DE LA ÚLTIMA TRANSACCIÓN
campo de control 20230906194640.0
007 - CAMPO FIJO DE DESCRIPCIÓN FÍSICA--INFORMACIÓN GENERAL
campo de control de longitud fija t|
008 - DATOS DE LONGITUD FIJA--INFORMACIÓN GENERAL
campo de control de longitud fija 070907s1915 fr ||||1| spa d
100 1# - ENTRADA PRINCIPAL--NOMBRE DE PERSONA
Nombre de persona White, J. William (
Forma completa/desarrollada del nombre James William) (
Fechas asociadas al nombre 1850-1916)
9 (RLIN) 116666
245 10 - MENCIÓN DEL TÍTULO
Título Alemania delatada por América /
Mención de responsabilidad, etc. por J. William White.
260 ## - PUBLICACIÓN, DISTRIBUCIÓN, ETC.
Lugar de publicación, distribución, etc. Paris, etc. :
Nombre del editor, distribuidor, etc. Thomas Nelson & Sons,
Fecha de publicación, distribución, etc. [1915?]
300 ## - DESCRIPCIÓN FÍSICA
Extensión 80 p. ;
Dimensiones 25 cm.
500 ## - NOTA GENERAL
Nota general "Traducido y publicado con el permiso del autor y de la Compañía John C. Winston, de Nueva York"
650 14 - PUNTO DE ACCESO ADICIONAL DE MATERIA--TÉRMINO DE MATERIA
Término de materia o nombre geográfico como elemento de entrada Guerra mundial, 1914-1918.
9 (RLIN) 13212
852 ## - LOCALIZACIÓN
Ubicación ES-MaACL
Número de control de estantería T-1473-F-2
852 ## - LOCALIZACIÓN
Ubicación ES-MaACL
Número de control de estantería 1574-F-1
Holdings
Estatus retirado Estado de pérdida Estado de daño No para préstamo Colección Biblioteca de origen Biblioteca actual Ubicación en estantería Fecha de adquisición Fuente de adquisición Total de préstamos Signatura topográfica completa Código de barras Visto por última vez Precio de reemplazo Tipo de ítem Koha
        Colección de folletos Biblioteca del Ateneo de Madrid Biblioteca del Ateneo de Madrid Depósito folletos 17/01/2008     1574-F-1 1139809 23/02/2023 23/02/2023 Folleto
        Colección de folletos Biblioteca del Ateneo de Madrid Biblioteca del Ateneo de Madrid Depósito folletos 17/01/2008     T-1473-F-2 1139808 23/02/2023 23/02/2023 Folleto